00420 a2200145 4500003000400000005001700004008004100021020001500062040000900077082001800086100003000104245008800134260004300222300000900265OSt20231103130950.0231103b |||||||| |||| 00| 0 eng d a9839541315 coclc a297.14bNYA/T aNyazee, Imran Ahsan Khan  aTheories of Islamic law : the methodology of ijtihād /c Imran Ahsan Khan Nyazee, aKaula Lumpur:bThe Other Press,c2002. a344p